000 00639cam a22002293a 4500
001 5072
003 PGUSA
005 20140828083113.0
008 040201s2004||||xxu|||||s|||||000 | eng d
040 _aPGUSA
_beng
042 _adc
050 4 _aPT
100 1 _aBüchner, Georg,
_d1813-1837
245 1 0 _aDantons Tod
_h[electronic resource] /
_cGeorg Büchner
260 _bProject Gutenberg,
_c2004
506 _aPublic domain in the USA.
516 _aElectronic text
653 _aDanton, Georges Jacques, 1759-1794 -- Drama
830 0 _aProject Gutenberg
_v5072
856 4 0 _uhttp://www.gutenberg.org/ebooks/5072
942 _cEB
999 _c234401
_d234401